000 00451nam a2200145Ia 4500
008 230917s9999||||xx |||||||||||||| ||und||
040 _e201800
_aMAIN
041 _aEnglish
082 _a342.7 J559F
100 _aJha, R C
245 0 _aFundamental rights and doctrine of sovereignimmunity: Reflection on the Indian Constitution for the protection of human right
260 _aDelhi
_bSheriden Book Company
_c1995
300 _a131 p.
942 _cBK
999 _c134350
_d134350